Alimentos funcionales : aspectos bioquímicos y de procesado /

Contenido: Productos funcionales de avena; Salvado de trigo con función fisiológica; Productos funcionales de arroz; Productos de linaza para la prevención de enfermedades; Productos funcionales derivados de la uvas y de los cítricos; Productos funcionales de las verduras; Procesamiento y propiedade...

Ausführliche Beschreibung

Gespeichert in:
Bibliographische Detailangaben
1. Verfasser: Mazza, G. (ed.)
Format: Buch
Sprache:Spanisch
Veröffentlicht: Zaragoza, España : Acribia, 2000, c2000
Schlagworte:
Tags: Tag hinzufügen
Keine Tags, Fügen Sie das erste Tag hinzu!

MARC

LEADER 00000nam^a2200000^a^4500
001 000184112
005 20250521000000.0
009 20260310102105.26
020 |a 84-200-0917-2 
037 |a Acervo ITESO - Biblioteca 
041 |a ESP 
082 |a 613. 2  |b MAZ 
100 |a Mazza, G.  |e (ed.) 
245 1 0 |a Alimentos funcionales :  |b aspectos bioquímicos y de procesado /  |c Ed. de G. Mazza ; tr. por Héctor J. Quiñones Tapia. 
264 4 |a Zaragoza, España :  |b Acribia,  |c 2000, c2000 
300 |a XXI, 457 p. 
336 |a texto  |b txt  |2 rdacontenido 
337 |a sin mediación  |b n  |2 rdamedio 
338 |a volumen  |b nc  |2 rdasoporte 
520 |a Contenido: Productos funcionales de avena; Salvado de trigo con función fisiológica; Productos funcionales de arroz; Productos de linaza para la prevención de enfermedades; Productos funcionales derivados de la uvas y de los cítricos; Productos funcionales de las verduras; Procesamiento y propiedades de los productos y componentes de la mostaza; Aceites vegetales modificados; Productos funcionales de plantas autóctonas de Latinoamérica: amaranto, quinoa, judías y plantas medicinales; Componentes fisiológicos y efectos sobre la salud del ginseng, equinacea y espino amarillo; Productos lácteos funcionales; Lípidos y proteínas funcionales del pescado; Aspectos normativos de los productos funcionales. 
649 |a XX 
650 |a Alimentos Funcionales -  |x Tema Principal 
650 |a Alimentos y Bebidas -  |x Composición 
650 |a Industria Alimenticia 
650 |a Salud 
650 |a Dieta 
910 |a Fondo General 
920 |a Impresos - Libros 
930 |a Colección General 
905 |a 101 
901 |a 0500124775  |b IT1  |c ACC  |u 20250521 
902 |a https://opac.biblio.iteso.mx/vufind/Record/000184112